| 000 | 00395nam a2200181Ia 4500 | ||
|---|---|---|---|
| 008 | 210210b1958 xxu||||| |||| 00| 0 eng d | ||
| 041 | _aeng | ||
| 082 | _a822/179 | ||
| 100 | _aBROWN (Ivor) | ||
| 245 | _aWords in our time | ||
| 260 |
_aLondon _bJonathan Cape _c1958 |
||
| 650 | _aWords | ||
| 650 | _atime | ||
| 650 | _aour | ||
| 650 | _ain | ||
| 690 | _aEnglish Prose | ||
| 906 | _a012366 | ||
| 999 |
_c131161 _d131161 |
||